[Event "Beacon Seniors op 60+"]
[Site "Exmouth"]
[Date "2005.11.18"]
[Round "5"]
[White "Patching, Geoffrey R"]
[Black "Spooner, Joe"]
[Result "0-1"]
[WhiteElo "960"]
[BlackElo "1096"]
[PlyCount "92"]
[EventDate "2005.11.14"]
[EventType "swiss"]
[EventRounds "5"]
[EventCountry "ENG"]
[SourceTitle "EXT 2007"]
[Source "ChessBase"]
[SourceDate "2006.11.23"]
[SourceVersion "1"]
[SourceVersionDate "2006.11.23"]
[SourceQuality "1"]

1. d4 d5 2. c4 dxc4 3. Nf3 Nf6 4. Nc3 Bg4 5. e4 e6 6. Bxc4 Bb4 7. 0-0 Bxc3 8. bxc3 Nxe4 9. Qc2 Bxf3 10. gxf3 Nf6 11. Bg5 0-0 12. Kh1 Nbd7 13. Rg1 c6 14. Qd2 Re8 15. Bh6 g6 16. Qf4 e5 17. dxe5 Nxe5 18. Bb3 Nd3 19. Qg3 Ne5 20. Bg5 Rc8 21. f4 Ned7 22. f5 Ne5 23. Rad1 Qe7 24. fxg6 Nxg6 25. Qf3 Qe4 26. Qxe4 Nxe4 27. Bh4 Nxc3 28. Rd7 Nd5 29. Bg3 Re7 30. Rxe7 Ndxe7 31. Bh4 Nf5 32. Bf6 c5 33. Bc2 Rc6 34. Bc3 Nd4 35. Be4 Rc7 36. f4 Ne2 37. Rd1 Nxc3 38. Rd8+ Nf8 39. Bc2 Nxa2 40. Rd1 Nb4 41. Bb3 c4 42. Ba4 a6 43. Rg1+ Kh8 44. h4 c3 45. Rg2 c2 46. Bxc2 Nxc2 0-1